| 000 | 00430cam a2200169ua 4500 | ||
|---|---|---|---|
| 020 | _cRs.0.75 | ||
| 041 |
_amal _h |
||
| 082 |
_a894.8122 _bBHA/MA |
||
| 100 | _aBhattathiripad, M.R . | ||
| 245 |
_aMarakkudakullile mahanagaram / _cM.R.Bhattathiripad. _hTextual Documents |
||
| 260 |
_aThrissur : _bCurrent Books , _c1958. |
||
| 300 | _a57 ; . | ||
| 365 | _aRs.0.75 | ||
| 504 | _a | ||
| 942 | _cBK | ||
| 999 |
_c1205 _d1205 |
||